Alle WWE Universal Champions - Statistiken

Allgemein
  • Dieses Quiz wurde 747 mal gespielt
  • Das Durchschnittsergebnis liegt bei 12 aus 14
Antwortstatistiken
Hint Antwort % Korrekt
SummerSlam 2018 Roman Reigns
99%
Payback 2020 Roman Reigns
99%
Payback 2021 Roman Reigns
99%
WretleMania 33 Brock Lesnar
94%
Crown Jewel 2018 Brock Lesnar
94%
SummerSlam 2019 Seth Rollins
94%
SummerSlam 2016 Finn Balor
85%
Crown Jewel 2019 Bray Wyatt
79%
Summerslam 2020 Bray Wyatt
79%
Raw 26.7.2016 Kevin Owens
79%
Fastlane 2016 Goldberg
78%
SmackDown 27.2.2020 Goldberg
78%
Super ShowDown 2021 Goldberg
78%
WrestleMania 36 Braun Strowman
69%
Keine übereinstimmenden Quizze gefunden
Verteilung der Resultate
Anzahl Personen mit jedem Resultat
Perzentil nach korrekt beantworteten Fragen
Ihre Resultats-Entwicklung
Sie haben dieses Quiz noch nicht gespielt